[Event "Reykjavik op"]
[Site "Reykjavik"]
[Date "2024.03.18"]
[Round "6"]
[White "Banta, Robert Lance"]
[Black "Petursson, Gudni Stefan"]
[Result "1/2-1/2"]
[WhiteElo "1755"]
[BlackElo "1983"]
[PlyCount "69"]
[EventDate "2024.03.15"]
[EventType "swiss"]
[EventRounds "9"]
[EventCountry "ISL"]
[SourceTitle "CB13_2024"]
[SourceDate "2024.03.27"]
[SourceVersion "1"]
[SourceVersionDate "2024.03.27"]
[SourceQuality "1"]

1. c4 e5 2. Nc3 Nf6 3. g3 g6 4. Bg2 Bg7 5. e4 0-0 6. Nge2 d6 7. d3 c6 8. 0-0 a5 9. h3 Na6 10. Be3 Be6 11. a3 d5 12. cxd5 cxd5 13. exd5 Nxd5 14. Qd2 Nxe3 15. Qxe3 Qd7 16. Kh2 Rab8 17. Rad1 Rfe8 18. Ne4 Rbd8 19. Rd2 Bd5 20. N2c3 Bc6 21. Rfd1 Qe7 22. Re2 Rd4 23. Nd2 Bxg2 24. Kxg2 Rdd8 25. Nc4 Qc7 26. Kh2 Nb8 27. Nb5 Qc6 28. a4 e4 29. Nxa5 Qd7 30. d4 Nc6 31. Nb3 Nb4 32. Nc5 Qc6 33. Rc1 Nd5 34. Qd2 Nf6 35. Qc2 1/2-1/2

[Event "Reykjavik op"]
[Site "Reykjavik"]
[Date "2024.03.16"]
[Round "2"]
[White "Manish, Anto Cristiano F"]
[Black "Petursson, Gudni Stefan"]
[Result "1-0"]
[WhiteElo "2286"]
[BlackElo "1983"]
[PlyCount "105"]
[EventDate "2024.03.15"]
[EventType "swiss"]
[EventRounds "9"]
[EventCountry "ISL"]
[SourceTitle "CB13_2024"]
[SourceDate "2024.03.27"]
[SourceVersion "1"]
[SourceVersionDate "2024.03.27"]
[SourceQuality "1"]

1. c4 g6 2. Nc3 Bg7 3. d4 c5 4. Nf3 cxd4 5. Nxd4 Nc6 6. Nc2 Nf6 7. e4 0-0 8. Be2 d6 9. 0-0 Bd7 10. Be3 Rc8 11. Rc1 Ne5 12. Na3 a6 13. h3 Bc6 14. f4 Ned7 15. Bf3 Re8 16. Nc2 Nb6 17. b3 Nbd7 18. Nd4 Qa5 19. Qd2 Qd8 20. Rfd1 Qc7 21. Qf2 Qb8 22. Nxc6 bxc6 23. c5 Nxc5 24. Bxc5 dxc5 25. e5 Nd5 26. Bxd5 cxd5 27. Nxd5 e6 28. Nf6+ Bxf6 29. exf6 e5 30. f5 Qb6 31. fxg6 hxg6 32. Rd5 Rc6 33. Rf1 Ree6 34. Rfd1 Re8 35. Rf1 Ree6 36. Qe3 Rxf6 37. Rxf6 Rxf6 38. Rxe5 Rf5 39. Rxf5 gxf5 40. Qg5+ Qg6 41. Qd8+ Kh7 42. Qc7 Qf6 43. Kh2 Kg7 44. Qxc5 f4 45. Qd5 Kh7 46. a4 Kg7 47. b4 Kf8 48. b5 axb5 49. axb5 Ke7 50. Qc5+ Kd7 51. b6 f3 52. Qc7+ Ke8 53. b7 1-0

[Event "Reykjavik op"]
[Site "Reykjavik"]
[Date "2023.04.01"]
[Round "6"]
[White "Yedid, Lior"]
[Black "Petursson, Gudni Stefan"]
[Result "1/2-1/2"]
[WhiteElo "1586"]
[BlackElo "2020"]
[PlyCount "96"]
[EventDate "2023.03.29"]
[EventType "swiss"]
[EventRounds "9"]
[EventCountry "ISL"]
[SourceTitle "CBM 213 Extra"]
[Source "ChessBase"]
[SourceDate "2023.05.31"]
[SourceVersion "1"]
[SourceVersionDate "2023.05.31"]
[SourceQuality "1"]

1. e4 e5 2. Nf3 Nc6 3. Nc3 Nf6 4. g3 Bc5 5. Bg2 d6 6. 0-0 0-0 7. d3 a6 8. Be3 b5 9. Nd5 h6 10. c3 Bxe3 11. Nxe3 Bb7 12. Re1 Re8 13. Nc2 Qd7 14. Qd2 Rad8 15. Nh4 d5 16. exd5 Nxd5 17. d4 Nb6 18. Nf3 e4 19. Nh4 Ne5 20. b3 g5 21. Kh1 gxh4 22. Qxh6 hxg3 23. dxe5 Re6 24. Qh5 gxf2 25. Rf1 Rg6 26. Rad1 Qe7 27. Nd4 Qg5 28. Qxg5 Rxg5 29. e6 Re5 30. exf7+ Kxf7 31. Rc1 c5 32. Rxf2+ Kg6 33. Nc2 c4 34. Ne3 Bd5 35. b4 Bc6 36. Bh3 Na4 37. Rcc2 Kg5 38. Kg2 Rc8 39. Rfe2 Rce8 40. Kg3 Rc8 41. Bg2 Rd8 42. Bf1 Rc8 43. Bg2 Rd8 44. Bf1 Rf8 45. Bg2 Rd8 46. Bf1 Rd6 47. h4+ Kg6 48. Bg2 Bd7 1/2-1/2

[Event "Reykjavik Bodsmot op"]
[Site "Reykjavik"]
[Date "2022.06.04"]
[Round "3"]
[White "Petursson, Gudni Stefan"]
[Black "Halldorsson, Bragi"]
[Result "1/2-1/2"]
[WhiteElo "2019"]
[BlackElo "2043"]
[PlyCount "64"]
[EventDate "2022.06.03"]
[EventType "swiss"]
[EventRounds "5"]
[EventCountry "ISL"]
[SourceTitle "CBM 209 Extra"]
[Source "ChessBase"]
[SourceDate "2022.09.30"]
[SourceVersion "1"]
[SourceVersionDate "2022.09.30"]
[SourceQuality "1"]

1. d4 Nf6 2. c4 c6 3. Nc3 d5 4. cxd5 cxd5 5. Nf3 Nc6 6. Bf4 Bf5 7. e3 e6 8. Bd3 Bg6 9. 0-0 Bd6 10. Bg3 0-0 11. Bxg6 hxg6 12. Qe2 Bxg3 13. hxg3 Rc8 14. Rac1 Nd7 15. Nd2 a6 16. a3 b5 17. Nb3 Na5 18. Nxa5 Qxa5 19. Nb1 Rc4 20. b3 Rc7 21. Qb2 Rfc8 22. b4 Qb6 23. Nd2 Qd6 24. Nb3 Nb6 25. Rxc7 Rxc7 26. Nc5 Nc4 27. Qc3 Ra7 28. Ra1 Nb6 29. a4 bxa4 30. Nxa4 Nxa4 31. Rxa4 Rc7 32. Qa3 Rc4 1/2-1/2

[Event "Reykjavik Bodsmot op"]
[Site "Reykjavik"]
[Date "2022.06.04"]
[Round "2"]
[White "Petursson, Gudni Stefan"]
[Black "Ptacnikova, Lenka"]
[Result "1-0"]
[WhiteElo "2019"]
[BlackElo "2120"]
[PlyCount "129"]
[EventDate "2022.06.03"]
[EventType "swiss"]
[EventRounds "5"]
[EventCountry "ISL"]
[SourceTitle "CBM 209 Extra"]
[Source "ChessBase"]
[SourceDate "2022.09.30"]
[SourceVersion "1"]
[SourceVersionDate "2022.09.30"]
[SourceQuality "1"]

1. d4 Nf6 2. c4 e6 3. Nf3 b6 4. e3 Bb7 5. Be2 Bb4+ 6. Bd2 Be7 7. 0-0 0-0 8. Nc3 d5 9. cxd5 exd5 10. Ne5 a6 11. Qc2 Nbd7 12. f4 c5 13. Bf3 Rc8 14. Qb3 Nxe5 15. dxe5 Ne4 16. Rad1 c4 17. Qc2 f5 18. Ne2 Bc5 19. Nd4 Qe7 20. Be1 b5 21. Kh1 b4 22. g4 g6 23. Qg2 Kh8 24. Qh3 Bxd4 25. exd4 c3 26. bxc3 bxc3 27. gxf5 c2 28. Rc1 gxf5 29. Bh5 Rc6 30. Be2 Qc7 31. Rg1 Qb6 32. Qb3 Qc7 33. Bd3 Rc8 34. Rg2 Rb6 35. Qa3 Qf7 36. Rgxc2 Rg8 37. Bf1 Qh5 38. Qe3 Rbg6 39. Rg2 a5 40. Rxg6 Qxg6 41. Rc2 Qb6 42. Rg2 Rxg2 43. Bxg2 a4 44. Qa3 Kg7 45. Qxa4 Bc6 46. Qb4 Qa7 47. a3 Be8 48. h3 Bh5 49. Kh2 Bd1 50. Bh4 Kf7 51. Qb5 Qxd4 52. Qd7+ Kg6 53. Qe6+ Kg7 54. Qxf5 Ba4 55. Qg4+ Kf8 56. Be1 Nc5 57. Bb4 Kf7 58. Qf5+ Kg7 59. Qf6+ Kg8 60. Bxc5 Qxc5 61. Qd8+ Kg7 62. Qxd5 Qc2 63. Qe4 Qd1 64. f5 Kf7 65. Qd5+ 1-0

[Event "ISL-chT1 2122"]
[Site "Reykjavik"]
[Date "2021.10.02"]
[Round "3.1"]
[White "Halldorsson, Halldor Brynjar"]
[Black "Petursson, Gudni Stefan"]
[Result "1/2-1/2"]
[WhiteElo "2227"]
[BlackElo "2016"]
[PlyCount "36"]
[EventDate "2021.09.30"]
[EventType "team-tourn"]
[EventRounds "10"]
[EventCountry "ISL"]
[SourceTitle "EXT 2022"]
[Source "ChessBase"]
[SourceDate "2021.10.06"]
[SourceVersion "1"]
[SourceVersionDate "2021.10.06"]
[SourceQuality "1"]
[WhiteTeam "Skakfelag Akureyrar"]
[BlackTeam "Vikingaklubburinn"]
[WhiteTeamCountry "ISL"]
[BlackTeamCountry "ISL"]

1. e4 c6 2. d4 d5 3. e5 c5 4. dxc5 e6 5. Be3 Nd7 6. Bb5 Qc7 7. c4 dxc4 8. Nc3 Nh6 9. Nf3 Nf5 10. Bf4 Bxc5 11. 0-0 0-0 12. Ne4 Nb6 13. b4 Bxb4 14. Rc1 Ba3 15. Rc3 Bb4 16. Rc1 Ba3 17. Rxc4 Nxc4 18. Qb3 Qa5 1/2-1/2

[Event "ISL-chT1 2122"]
[Site "Reykjavik"]
[Date "2021.10.01"]
[Round "2.3"]
[White "Petursson, Gudni Stefan"]
[Black "Viglundsson, Bjorgvin"]
[Result "1/2-1/2"]
[WhiteElo "2016"]
[BlackElo "2219"]
[PlyCount "55"]
[EventDate "2021.09.30"]
[EventType "team-tourn"]
[EventRounds "10"]
[EventCountry "ISL"]
[SourceTitle "EXT 2022"]
[Source "ChessBase"]
[SourceDate "2021.10.06"]
[SourceVersion "1"]
[SourceVersionDate "2021.10.06"]
[SourceQuality "1"]
[WhiteTeam "Vikingaklubburinn"]
[BlackTeam "Taflfelag Reykjavikur"]
[WhiteTeamCountry "ISL"]
[BlackTeamCountry "ISL"]

1. d4 Nf6 2. Nf3 d5 3. Bf4 e6 4. e3 c5 5. c3 Nc6 6. Nbd2 cxd4 7. exd4 Nh5 8. Be5 f6 9. Bg3 Nxg3 10. hxg3 f5 11. Bb5 Bd6 12. Qe2 Qf6 13. Ne5 Bxe5 14. dxe5 Qf7 15. Nf3 Bd7 16. Qe3 h6 17. 0-0 0-0 18. c4 a6 19. cxd5 axb5 20. dxc6 Bxc6 21. Nd4 Rfd8 22. Nxc6 bxc6 23. Rfc1 Ra6 24. a3 Rd5 25. Rd1 Qd7 26. Rxd5 Qxd5 27. Rc1 Kh7 28. Qc5 1/2-1/2

[Event "EU-ch 21st"]
[Site "Reykjavik"]
[Date "2021.09.05"]
[Round "11"]
[White "Koellner, Aaron Noah"]
[Black "Petursson, Gudni Stefan"]
[Result "1-0"]
[WhiteElo "2248"]
[BlackElo "1988"]
[PlyCount "93"]
[EventDate "2021.08.26"]
[EventType "swiss"]
[EventRounds "11"]
[EventCountry "ISL"]
[SourceTitle "CBM 204"]
[Source "ChessBase"]
[SourceDate "2021.10.31"]
[SourceVersion "1"]
[SourceVersionDate "2021.10.31"]
[SourceQuality "1"]

1. d4 Nf6 2. Bg5 d5 3. e3 e6 4. Nd2 c5 5. c3 Nc6 6. f4 Be7 7. Bd3 cxd4 8. exd4 Qb6 9. Rb1 h6 10. Bh4 Bd7 11. Ngf3 0-0 12. 0-0 Ng4 13. Bxe7 Nxe7 14. Qe2 f5 15. Ne5 Nxe5 16. Qxe5 Rac8 17. Rf3 Qc7 18. Qe3 Rf6 19. Rg3 Rg6 20. h4 Rxg3 21. Qxg3 Rf8 22. Nf3 Nc8 23. Ne5 Nd6 24. Qh3 Be8 25. g4 fxg4 26. Qxg4 Nf5 27. Kh2 Qe7 28. Kh3 Qf6 29. Bxf5 Qxf5 30. Qxf5 Rxf5 31. Kg3 Kf8 32. Re1 Ke7 33. Nd3 Kd6 34. Nc5 Bd7 35. Nxb7+ Ke7 36. Re5 Rf8 37. b4 Rc8 38. Nc5 Kd6 39. a4 Rf8 40. h5 Rf7 41. Kg4 Bc8 42. b5 Rf6 43. a5 Rf8 44. b6 axb6 45. axb6 Kc6 46. b7 Bxb7 47. Rxe6+ 1-0

[Event "EU-ch 21st"]
[Site "Reykjavik"]
[Date "2021.08.31"]
[Round "6"]
[White "Petursson, Gudni Stefan"]
[Black "Milikow, Yoav"]
[Result "0-1"]
[WhiteElo "1988"]
[BlackElo "2287"]
[PlyCount "96"]
[EventDate "2021.08.26"]
[EventType "swiss"]
[EventRounds "11"]
[EventCountry "ISL"]
[SourceTitle "CBM 204"]
[Source "ChessBase"]
[SourceDate "2021.10.31"]
[SourceVersion "1"]
[SourceVersionDate "2021.10.31"]
[SourceQuality "1"]

1. d4 Nf6 2. c4 e6 3. g3 d5 4. Nf3 Bb4+ 5. Bd2 a5 6. Bg2 0-0 7. 0-0 dxc4 8. Qc2 b5 9. a4 c6 10. Nc3 Qb6 11. e4 h6 12. Rad1 Be7 13. e5 Nd5 14. Ne4 Rd8 15. Qc1 Bf8 16. g4 Na6 17. g5 h5 18. g6 fxg6 19. Qb1 Bb4 20. Bc1 Ne7 21. Bg5 Nf5 22. Bxd8 Qxd8 23. b3 Nc7 24. bxc4 bxc4 25. Qc2 Ba6 26. Nc5 c3 27. Nxa6 Rxa6 28. Kh1 Rb6 29. Qe4 Ba3 30. Ne1 Bb2 31. Nc2 Nd5 32. Rg1 Nb4 33. Ne1 Kh7 34. Bf1 Qd5 35. Qxd5 cxd5 36. Bd3 Nxd3 37. Rxd3 Rb4 38. Nc2 Rxa4 39. Rb1 Rc4 40. Kg1 a4 41. Kf1 a3 42. Ke2 a2 43. Rbd1 Ne7 44. Rf3 Nc6 45. Rf8 Nxd4+ 46. Nxd4 Rxd4 47. Rxd4 a1Q 48. Rb4 Ba3 0-1

[Event "EU-ch 21st"]
[Site "Reykjavik"]
[Date "2021.08.30"]
[Round "5"]
[White "Ragnarsson, Heimir Pall"]
[Black "Petursson, Gudni Stefan"]
[Result "0-1"]
[WhiteElo "1619"]
[BlackElo "1988"]
[PlyCount "62"]
[EventDate "2021.08.26"]
[EventType "swiss"]
[EventRounds "11"]
[EventCountry "ISL"]
[SourceTitle "CBM 204"]
[Source "ChessBase"]
[SourceDate "2021.10.31"]
[SourceVersion "1"]
[SourceVersionDate "2021.10.31"]
[SourceQuality "1"]

1. c4 e6 2. g3 Nf6 3. Bg2 d5 4. Nf3 Be7 5. 0-0 0-0 6. b3 b6 7. Ne5 Bb7 8. Qc2 c5 9. Bb2 Qc7 10. cxd5 exd5 11. d4 Bd6 12. Nd3 Nbd7 13. Nd2 Rac8 14. Nf3 c4 15. bxc4 dxc4 16. Nde5 c3 17. Nxd7 Qxd7 18. Bc1 Qe7 19. Nh4 Bxg2 20. Nf5 Qd7 21. Kxg2 Rfe8 22. f3 Bf8 23. Rd1 Nd5 24. e4 Nb4 25. Qb3 Qb5 26. Ba3 Qe2+ 27. Kh3 a5 28. d5 Qxf3 29. d6 Qxe4 30. Ne7+ Bxe7 31. d7 g5 0-1

[Event "EU-ch 21st"]
[Site "Reykjavik"]
[Date "2021.08.27"]
[Round "2"]
[White "Petursson, Gudni Stefan"]
[Black "Sousa, Andre Ventura"]
[Result "0-1"]
[WhiteElo "1988"]
[BlackElo "2405"]
[PlyCount "70"]
[EventDate "2021.08.26"]
[EventType "swiss"]
[EventRounds "11"]
[EventCountry "ISL"]
[SourceTitle "CBM 204"]
[Source "ChessBase"]
[SourceDate "2021.10.31"]
[SourceVersion "1"]
[SourceVersionDate "2021.10.31"]
[SourceQuality "1"]

1. d4 Nf6 2. c4 g6 3. Nc3 d5 4. Qb3 dxc4 5. Qxc4 Be6 6. Qd3 c5 7. dxc5 Na6 8. Qb5+ Bd7 9. Qc4 Rc8 10. b4 Bg7 11. Bb2 0-0 12. a3 Be6 13. Qd3 Qc7 14. Nf3 Rcd8 15. Qc2 Bf5 16. Qb3 Be6 17. Qc2 b6 18. e3 bxc5 19. Bxa6 cxb4 20. axb4 Nd5 21. Nd4 Nxb4 22. Qe2 Nxa6 23. Qxa6 Bxd4 24. exd4 Bc4 25. Qxa7 Qf4 26. d5 Rb8 27. Bc1 Qg4 28. Rg1 Rb3 29. f3 Qh4+ 30. Qf2 Qf6 31. Bb2 Rfb8 32. Nd1 Rxb2 33. Nxb2 Qe5+ 34. Kd1 Rxb2 35. Qe1 Bb3+ 0-1

[Event "Reykjavik Congress"]
[Site "Reykjavik"]
[Date "2020.01.05"]
[Round "1"]
[White "Petursson, Gudni Stefan"]
[Black "Alexandersson, Orn"]
[Result "0-1"]
[WhiteElo "2026"]
[BlackElo "1550"]
[PlyCount "104"]
[EventDate "2020.01.05"]
[EventType "swiss"]
[EventRounds "9"]
[EventCountry "ISL"]
[SourceTitle "CBM 194 Extra"]
[Source "ChessBase"]
[SourceDate "2020.03.31"]
[SourceVersion "1"]
[SourceVersionDate "2020.03.31"]
[SourceQuality "1"]

1. c4 Nf6 2. g3 e6 3. Bg2 d5 4. Nf3 Be7 5. 0-0 0-0 6. b3 c5 7. Bb2 Nc6 8. d3 Qc7 9. Nbd2 Rd8 10. a3 d4 11. Qc2 e5 12. Rad1 Nh5 13. e3 f5 14. exd4 cxd4 15. b4 Bf6 16. c5 Be6 17. Rfe1 Bf7 18. Nc4 Kf8 19. Rc1 Rac8 20. Qe2 Bxc4 21. Rxc4 g6 22. Rcc1 Re8 23. Qc2 Red8 24. h4 a6 25. Nd2 Ng7 26. Nc4 Ne8 27. Qe2 e4 28. Qd2 e3 29. Qe2 f4 30. fxe3 fxe3 31. Qg4 Kg7 32. Be4 Qf7 33. Rf1 h5 34. Qf4 Qe7 35. Rc2 Ne5 36. Nxe5 Bxe5 37. Qf3 Nf6 38. Bxb7 Rb8 39. Be4 Rf8 40. Qg2 Ng4 41. Rf3 Nf2 42. Rcxf2 exf2+ 43. Qxf2 Rxf3 44. Qxf3 Rf8 45. Qg2 Qe6 46. Qe2 Qh3 47. Qg2 Qg4 48. c6 Qd1+ 49. Kh2 Qe1 50. c7 Qe3 51. Kh3 Bxc7 52. Bxg6 Rf2 0-1

[Event "Akureyri Icelandic op"]
[Site "Akureyri"]
[Date "2019.05.29"]
[Round "6"]
[White "Johannsdottir, Johanna Bjorg"]
[Black "Petursson, Gudni Stefan"]
[Result "0-1"]
[WhiteElo "1908"]
[BlackElo "2045"]
[PlyCount "106"]
[EventDate "2019.05.25"]
[EventType "swiss"]
[EventRounds "9"]
[EventCountry "ISL"]
[SourceTitle "CBM 190 Extra"]
[Source "ChessBase"]
[SourceDate "2019.07.15"]
[SourceVersion "1"]
[SourceVersionDate "2019.07.15"]
[SourceQuality "1"]

1. e4 c6 2. d3 d5 3. Nd2 g6 4. Ngf3 Bg7 5. g3 Bg4 6. Bg2 e6 7. 0-0 Nf6 8. Re1 0-0 9. e5 Nfd7 10. h3 Bxf3 11. Nxf3 c5 12. c3 Nc6 13. Bf4 Qb6 14. Qd2 a5 15. Bh6 a4 16. h4 Qc7 17. Qg5 Qd8 18. Qf4 Qe7 19. Bxg7 Kxg7 20. h5 h6 21. Qg4 g5 22. a3 b5 23. d4 cxd4 24. cxd4 Na5 25. Rac1 Rfc8 26. Bf1 Nc4 27. Rb1 Rc6 28. Bd3 f5 29. Qh3 g4 30. Qh4 Qxh4 31. Nxh4 Ndb6 32. Red1 Kf7 33. Ng6 Rb8 34. Kg2 Nd7 35. Rdc1 Rbb6 36. Rc3 Nb8 37. Nf4 b4 38. axb4 Rxb4 39. Rbc1 Na5 40. Rxc6 Naxc6 41. Ra1 Nxd4 42. Ng6 Nbc6 43. Ra2 Nf3 44. Kf1 Nfxe5 45. Nxe5+ Nxe5 46. Bc2 Nc4 47. Bxa4 Rxb2 48. Ra1 Kf6 49. Be8 Nd2+ 50. Kg2 Rb1 51. Ra7 Nf3 52. Rf7+ Ke5 53. Rxf5+ exf5 0-1

[Event "Akureyri Icelandic op"]
[Site "Akureyri"]
[Date "2019.05.27"]
[Round "4"]
[White "Hillarp Persson, Tiger"]
[Black "Petursson, Gudni Stefan"]
[Result "1-0"]
[WhiteElo "2563"]
[BlackElo "2045"]
[PlyCount "61"]
[EventDate "2019.05.25"]
[EventType "swiss"]
[EventRounds "9"]
[EventCountry "ISL"]
[SourceTitle "CBM 190 Extra"]
[Source "ChessBase"]
[SourceDate "2019.07.15"]
[SourceVersion "1"]
[SourceVersionDate "2019.07.15"]
[SourceQuality "1"]

1. Nf3 Nf6 2. g3 d5 3. Bg2 Nc6 4. d4 Bf5 5. c4 e6 6. 0-0 Be7 7. Nc3 dxc4 8. Qa4 0-0 9. Qxc4 Bg6 10. Bg5 Nd5 11. Bxe7 Ncxe7 12. Ne5 c6 13. Nxg6 hxg6 14. Rfd1 Nxc3 15. bxc3 Qa5 16. Qb3 Rab8 17. a4 Rfd8 18. e3 Nd5 19. Rdc1 Nf6 20. Qb4 Qc7 21. a5 a6 22. Rab1 Nd7 23. Qa3 e5 24. Rc2 exd4 25. cxd4 Nf6 26. h4 Qd7 27. Qc5 Ne8 28. Rcb2 Qc7 29. Rb6 Nd6 30. d5 Nc8 31. dxc6 1-0

[Event "Akureyri Icelandic op"]
[Site "Akureyri"]
[Date "2019.05.26"]
[Round "2"]
[White "Thorhallsson, Throstur"]
[Black "Petursson, Gudni Stefan"]
[Result "1/2-1/2"]
[WhiteElo "2435"]
[BlackElo "2045"]
[PlyCount "51"]
[EventDate "2019.05.25"]
[EventType "swiss"]
[EventRounds "9"]
[EventCountry "ISL"]
[SourceTitle "CBM 190 Extra"]
[Source "ChessBase"]
[SourceDate "2019.07.15"]
[SourceVersion "1"]
[SourceVersionDate "2019.07.15"]
[SourceQuality "1"]

1. e4 c6 2. d4 d5 3. exd5 cxd5 4. Bd3 Nc6 5. c3 Nf6 6. h3 e6 7. Nf3 Bd6 8. Nbd2 Qc7 9. 0-0 0-0 10. Re1 Bd7 11. Nf1 Rae8 12. Bd2 e5 13. dxe5 Nxe5 14. Nxe5 Bxe5 15. Be3 b6 16. Rc1 Bc6 17. Bb1 Qd7 18. Qc2 Re6 19. Rcd1 g6 20. Nd2 Rfe8 21. Nf3 Qb7 22. Nxe5 Rxe5 23. Rd4 Ne4 24. Qd1 Nd6 25. Qg4 Nc4 26. Qg3 1/2-1/2

[Event "Reykjavik op"]
[Site "Reykjavik"]
[Date "2019.04.09"]
[Round "2"]
[White "Petursson, Gudni Stefan"]
[Black "Prithu, Gupta"]
[Result "0-1"]
[WhiteElo "2020"]
[BlackElo "2478"]
[PlyCount "88"]
[EventDate "2019.04.08"]
[EventType "swiss"]
[EventRounds "9"]
[EventCountry "ISL"]
[SourceTitle "CBM 189 Extra"]
[Source "ChessBase"]
[SourceDate "2019.06.03"]
[SourceVersion "1"]
[SourceVersionDate "2019.06.03"]
[SourceQuality "1"]

1. c4 e5 2. Nc3 Bb4 3. Qc2 Nf6 4. e3 0-0 5. Nf3 Qe7 6. a3 Bxc3 7. Qxc3 e4 8. Nd4 d5 9. b4 Nbd7 10. Bb2 Nb6 11. c5 Na4 12. Qc2 Nxb2 13. Qxb2 c6 14. Be2 Bg4 15. f3 exf3 16. gxf3 Bd7 17. 0-0 a5 18. Qc3 Bh3 19. Rf2 Nh5 20. f4 Nf6 21. Bf3 axb4 22. axb4 Ne4 23. Bxe4 dxe4 24. Ne2 Qd7 25. Ng3 f5 26. Qc4+ Qf7 27. Qxf7+ Kxf7 28. Rb1 Rfd8 29. d4 exd3 30. Rd2 Ra3 31. Kf2 Rc3 32. Rbb2 Ke7 33. e4 Rc4 34. Ke3 fxe4 35. Nxe4 Bf5 36. Nd6 Rxd6 37. cxd6+ Kxd6 38. Rg2 g6 39. h4 h5 40. Rg1 Re4+ 41. Kf3 Kd5 42. Rd2 Kd4 43. Rc1 Bg4+ 44. Kg3 Re2 0-1

[Event "Reykjavik Congress"]
[Site "Reykjavik"]
[Date "2019.01.30"]
[Round "8"]
[White "Fridthjofsdottir, Sigurlaug Regina"]
[Black "Petursson, Gudni Stefan"]
[Result "0-1"]
[WhiteElo "1710"]
[BlackElo "2045"]
[PlyCount "108"]
[EventDate "2019.01.06"]
[EventType "swiss"]
[EventRounds "9"]
[EventCountry "ISL"]
[SourceTitle "CBM 188 Extra"]
[Source "ChessBase"]
[SourceDate "2019.02.26"]
[SourceVersion "1"]
[SourceVersionDate "2019.02.26"]
[SourceQuality "1"]

1. e4 e5 2. Nf3 Nc6 3. Bb5 f5 4. Bxc6 dxc6 5. Nc3 Nf6 6. Qe2 fxe4 7. Nxe4 Bd6 8. d3 0-0 9. Bg5 Qe8 10. Nxf6+ gxf6 11. Bh6 Rf7 12. 0-0-0 Re7 13. Rhe1 Qf7 14. Kb1 Be6 15. a3 b5 16. Nh4 Kh8 17. g4 Ree8 18. Nf5 Qg6 19. Bg7+ Kg8 20. Rg1 Kf7 21. h4 Bxf5 22. gxf5 Qxf5 23. Bh6 Rg8 24. h5 a5 25. Be3 Rab8 26. h6 a4 27. Rxg8 Rxg8 28. Qd2 Qf3 29. d4 e4 30. d5 c5 31. Re1 Qf5 32. Rd1 b4 33. axb4 cxb4 34. Qe2 a3 35. Qc4 axb2 36. Qc6 Qe5 37. Bd4 Qe8 38. Qxe8+ Rxe8 39. Rg1 Bf8 40. Kxb2 Rd8 41. Be3 Rxd5 42. Kb3 Rh5 43. Rd1 Ke6 44. Kc4 Bxh6 45. Bc5 Rh4 46. Rd4 f5 47. Kb5 Bg5 48. Rxb4 Rh1 49. Kc6 Rc1 50. Rc4 h5 51. Kxc7 h4 52. Rc3 f4 53. Ba3 Rd1 54. Rc6+ Kf5 0-1

[Event "Reykjavik Congress"]
[Site "Reykjavik"]
[Date "2019.01.23"]
[Round "6"]
[White "Petursson, Gudni Stefan"]
[Black "Alexandersson, Orn"]
[Result "1-0"]
[WhiteElo "2045"]
[BlackElo "1512"]
[PlyCount "93"]
[EventDate "2019.01.06"]
[EventType "swiss"]
[EventRounds "9"]
[EventCountry "ISL"]
[SourceTitle "CBM 188 Extra"]
[Source "ChessBase"]
[SourceDate "2019.02.26"]
[SourceVersion "1"]
[SourceVersionDate "2019.02.26"]
[SourceQuality "1"]

1. d4 Nf6 2. c4 e5 3. dxe5 Ng4 4. Nf3 Bc5 5. e3 Nc6 6. Nc3 Ngxe5 7. Nxe5 Nxe5 8. a3 a5 9. Be2 d6 10. 0-0 Bf5 11. Nb5 0-0 12. Nd4 Bg6 13. f4 h6 14. fxe5 dxe5 15. Nb3 Qxd1 16. Bxd1 Bb6 17. c5 Ba7 18. Nxa5 Bxc5 19. Nb3 Bb6 20. Re1 Rad8 21. Be2 Bd3 22. Kf2 f5 23. Rd1 Bxe2 24. Rxd8 Rxd8 25. Kxe2 e4 26. Bd2 g5 27. g3 Rd3 28. Nc1 Rd5 29. Bc3 c6 30. Nb3 Rd3 31. Nd4 f4 32. gxf4 gxf4 33. Nc2 Bxe3 34. Nxe3 Rxe3+ 35. Kf2 Rf3+ 36. Kg2 Re3 37. Re1 Rxe1 38. Bxe1 Kf7 39. Bd2 e3 40. Bc3 Kg6 41. Kf3 Kf5 42. Bh8 h5 43. Bc3 c5 44. a4 c4 45. a5 Kg5 46. Be5 Kh4 47. Bxf4 1-0

[Event "Reykjavik Congress"]
[Site "Reykjavik"]
[Date "2019.01.20"]
[Round "5"]
[White "Jonatansson, Sigurdur Freyr"]
[Black "Petursson, Gudni Stefan"]
[Result "1/2-1/2"]
[WhiteElo "1658"]
[BlackElo "2045"]
[PlyCount "98"]
[EventDate "2019.01.06"]
[EventType "swiss"]
[EventRounds "9"]
[EventCountry "ISL"]
[SourceTitle "CBM 188 Extra"]
[Source "ChessBase"]
[SourceDate "2019.02.26"]
[SourceVersion "1"]
[SourceVersionDate "2019.02.26"]
[SourceQuality "1"]

1. e4 e5 2. Nf3 Nc6 3. Bb5 f5 4. Bxc6 dxc6 5. Nxe5 Nf6 6. 0-0 fxe4 7. Kh1 Bc5 8. c3 Be6 9. f4 0-0 10. b3 Qd6 11. b4 Bb6 12. Na3 Rad8 13. Qe2 Nd7 14. Nac4 Qd5 15. a4 Nxe5 16. Nxe5 a5 17. bxa5 Bc5 18. Rb1 Ra8 19. c4 Qd6 20. Rxb7 Rxa5 21. Qxe4 Rxa4 22. Qxc6 Ra1 23. Rxc7 Qxe5 24. Qxc5 Qxc5 25. Rxc5 Rxf4 26. Re1 Re4 27. Rg1 Bxc4 28. Rc8+ Kf7 29. Rc7+ Kf8 30. Bb2 Rxg1+ 31. Kxg1 Bf7 32. Kf2 g5 33. d3 Rf4+ 34. Ke3 Rf1 35. Rc5 h6 36. Ba3 Kg8 37. Rc8+ Kh7 38. Rf8 Kg6 39. Rd8 Re1+ 40. Kf2 Ra1 41. Rd6+ Kh7 42. Bc5 Ra2+ 43. Kg3 h5 44. Rd7 Kg6 45. h3 Be6 46. Rd6 Kf5 47. Rd8 Rc2 48. Be7 h4+ 49. Kf3 Bf7 1/2-1/2

[Event "Reykjavik Icelandic op"]
[Site "Reykjavik"]
[Date "2018.06.01"]
[Round "1"]
[White "Heidarsson, Arnar Milutin"]
[Black "Petursson, Gudni Stefan"]
[Result "1-0"]
[WhiteElo "1657"]
[BlackElo "2060"]
[PlyCount "69"]
[EventDate "2018.06.01"]
[EventType "swiss"]
[EventRounds "10"]
[EventCountry "ISL"]
[SourceTitle "CBM 184 Extra"]
[Source "ChessBase"]
[SourceDate "2018.06.28"]
[SourceVersion "1"]
[SourceVersionDate "2018.06.28"]
[SourceQuality "1"]

1. e4 e5 2. Nf3 Nc6 3. Bb5 Nge7 4. 0-0 d6 5. h3 a6 6. Be2 Ng6 7. c3 Nf4 8. d4 Qf6 9. Bxf4 Qxf4 10. Re1 Be7 11. Nbd2 g5 12. d5 Nb8 13. Nh2 Qf6 14. Bg4 Nd7 15. Ndf1 Nb6 16. Bxc8 Rxc8 17. Ng3 Qg6 18. Qh5 c6 19. dxc6 bxc6 20. Qe2 Ra8 21. Nf5 h5 22. Rad1 Bf8 23. Nf1 g4 24. h4 Qf6 25. N1e3 Rg8 26. Qd3 Rg6 27. Rd2 Kd7 28. Red1 Kc7 29. c4 a5 30. Qc3 d5 31. c5 Na4 32. Qc2 Nxc5 33. exd5 e4 34. d6+ Kb6 35. Rc1 1-0